Normal view
MARC view
Entry Término temático
001 - NÚMERO DE CONTROL
- campo de control: 76781
003 - IDENTIFICADOR DEL NÚMERO DE CONTROL
- campo de control: OSt
005 - FECHA Y HORA DE LA ÚLTIMA TRANSACCIÓN
- campo de control: 20201007105219.0
008 - DATOS DE LONGITUD FIJA
- campo de control de longitud fija: 201007|| aca||aabn | a|a d
040 ## - FUENTE DE LA CATALOGACIÓN
- Centro catalogador/agencia de origen: OSt
- Centro/agencia transcriptor: OSt
150 ## - ENCABEZAMIENTO--TÉRMINO DE MATERIA
- Término de materia o nombre geográfico como elemento de entrada: Tentativa (Derecho penal)
670 ## - FUENTE DE DATOS ENCONTRADOS
- Cita de la fuente: Work cat.: (OSt)6894: Gómez Rodrígues, M. A. 19742, Diferencia existente entre el concepto de la tentativa establecido por el art. 2 del código penal francés y el establecido por el art. 2 del código penal dominicano /, 1931.
